000 00769nam a2200253Ia 4500
003 OSt
005 20220928123001.0
006 a|||||r|||| 00| 0
007 ta
008 220927b |||||||| |||| 00| 0 eng d
020 _cUKP 43.99
024 _a143333
037 _b73, 12/03/2020, Shivam Book Service
_cTextual
040 _aSDCL
_cSDCL
_beng
041 _2eng
_aeng
082 _aX:328, R0
100 _aKariv Dafna
_9459736
245 0 _aEducating entrepreneurs
_b Innovative models and new perspectives
260 _aNew York
_b Routledge
_c2020
300 _axix,254p.
_ccm.
650 _aBusiness Economics
_9391653
942 _hX:328, R0
_cTEXL
_2CC
999 _c773039
_d773039